Problems and promises in Africa today, (Record no. 34807)
[ view plain ]
| 000 -LEADER | |
|---|---|
| fixed length control field | 00910nam a22002771a 4500 |
| 001 - CONTROL NUMBER | |
| control field | 8475589 |
| 005 - DATE AND TIME OF LATEST TRANSACTION | |
| control field | 20110718131815.0 |
| 008 - FIXED-LENGTH DATA ELEMENTS--GENERAL INFORMATION | |
| fixed length control field | 791228s1964 enk 000 0 eng |
| 010 ## - LIBRARY OF CONGRESS CONTROL NUMBER | |
| LC control number | 66083917 |
| 035 ## - SYSTEM CONTROL NUMBER | |
| -- | (DLC) 66083917 |
| 035 ## - SYSTEM CONTROL NUMBER | |
| System control number | (OCoLC)5828173 |
| 040 ## - CATALOGING SOURCE | |
| Original cataloging agency | DLC |
| Transcribing agency | ICIU |
| Modifying agency | DLC |
| 043 ## - GEOGRAPHIC AREA CODE | |
| Geographic area code | f------ |
| 050 00 - LIBRARY OF CONGRESS CALL NUMBER | |
| Classification number | HN39.A35 |
| Item number | W3 |
| 100 1# - MAIN ENTRY--PERSONAL NAME | |
| Personal name | Warren, Max Alexander Cunningham, |
| Dates associated with a name | 1904- |
| 245 10 - TITLE STATEMENT | |
| Title | Problems and promises in Africa today, |
| Statement of responsibility, etc | by Max Warren. |
| Medium | [Text] |
| 260 ## - PUBLICATION, DISTRIBUTION, ETC. (IMPRINT) | |
| Place of publication, distribution, etc | London |
| Name of publisher, distributor, etc | Hodder and Stoughton |
| Date of publication, distribution, etc | [1964] |
| 300 ## - PHYSICAL DESCRIPTION | |
| Extent | 63 p. 28 cm. |
| 490 1# - SERIES STATEMENT | |
| Series statement | The Lichfield lectures in divinity for 1963 |
| 650 #0 - SUBJECT ADDED ENTRY--TOPICAL TERM | |
| Topical term or geographic name as entry element | Church and social problems |
| General subdivision | Africa. |
| 650 #0 - SUBJECT ADDED ENTRY--TOPICAL TERM | |
| Topical term or geographic name as entry element | Urbanization |
| General subdivision | Africa. |
| 810 2# - SERIES ADDED ENTRY--CORPORATE NAME | |
| Corporate name or jurisdiction name as entry element | Lichfield Cathedral. |
| Title of a work | Divinity lectures ; |
| Volume/sequential designation | 1963. |
| 906 ## - LOCAL DATA ELEMENT F, LDF (RLIN) | |
| a | 7 |
| b | cbc |
| c | oclcrpl |
| d | u |
| e | ncip |
| f | 19 |
| g | y-gencatlg |
| 985 ## - | |
| -- | OCLC REPLACEMENT |
| 991 ## - | |
| -- | c-GenColl |
| -- | HN39.A35 |
| -- | W3 |
| -- | Copy 1 |
| -- | OCLCREP |
| Withdrawn status | Lost status | Source of classification or shelving scheme | Damaged status | Not for loan | Collection code | Home library | Current library | Shelving location | Date acquired | Cost, normal purchase price | Total Checkouts | Full call number | Barcode | Date last seen | Date checked out | Copy number | Price effective from | Koha item type |
|---|---|---|---|---|---|---|---|---|---|---|---|---|---|---|---|---|---|---|
| Library of Congress Classification | General Circulation | AIU/NEGST - Tony Wilmot Memorial Library | AIU/NEGST - Tony Wilmot Memorial Library | General Stacks | 10/08/2009 | 4.00 | 1 | HN 39.A35W3 1964 | R20727W3232 | 01/20/2023 | 01/16/2023 | 1 | 10/08/2009 | Africana collection (General) |
